|
|
|
|
| LEADER |
00000nam a2200000 a 4500 |
| 001 |
vtls001356836 |
| 003 |
SK-MaSNL |
| 005 |
20260301200949.0 |
| 008 |
240314s1997 xo ap r yy slo |
| 015 |
|
|
|a SNBA1999/05-01918
|
| 020 |
|
|
|a 8096777602
|
| 035 |
|
|
|a SNK000310324
|
| 035 |
|
|
|a urn:nbn:sk:snk-amthv9
|
| 035 |
|
|
|a urn:nbn:sk:snk-am00c55j
|
| 035 |
|
|
|a 1F72B520-AE8D-4764-9834-1BD898479CAF
|
| 040 |
|
|
|a SNK
|b slo
|c SNK
|e AACR2
|
| 041 |
0 |
|
|a slo
|
| 044 |
|
|
|a xo
|c SK
|
| 080 |
|
|
|a 658.15(437.6)
|2 1981
|
| 100 |
1 |
|
|a Zemanovičová, Daniela,
|d 1953-
|4 aut
|9 110402
|
| 245 |
1 |
0 |
|a Finančná reštrukturalizácia slovenských podnikov
|c Daniela Zemanovičová, Eugen Jurzyca
|
| 260 |
|
|
|a Bratislava
|b Agentúra PR1
|c 1997
|
| 300 |
|
|
|a 52 s.
|c 30 cm
|
| 650 |
0 |
7 |
|a podniky
|x financie
|x reštrukturalizácia
|z Slovensko
|2 SNK
|9 580860
|
| 655 |
|
7 |
|a príručky
|2 SNK
|9 74364
|
| 700 |
1 |
|
|a Jurzyca, Eugen,
|d 1958-
|4 aut
|9 192275
|
| 919 |
|
|
|a 80-967776-0-2
|
| 958 |
|
|
|a TL
|
| 958 |
|
|
|a NB
|
| 958 |
|
|
|a OND
|
| 999 |
|
|
|c 892829
|d 894759
|
| 952 |
|
|
|t P60, <03>, [BOOK], {603}
|a SNK
|b SNK
|y PREZ
|7 0
|p 17A0183631
|o snkSB 59937
|i snkKSP 2345/99
|0 0
|1 0
|4 0
|d 1999-03-09
|f 1
|l 0
|r 2025-04-09 00:00:00
|w 2026-02-24
|